Sāhitya-sādhaka-caritamālā. (Record no. 64173)

MARC details
000 -LEADER
fixed length control field 00699cam a2200217 a 4500
001 - CONTROL NUMBER
control field sa 65005188
003 - CONTROL NUMBER IDENTIFIER
control field DLC
005 - DATE AND TIME OF LATEST TRANSACTION
control field 20260227112136.0
008 - FIXED-LENGTH DATA ELEMENTS--GENERAL INFORMATION
fixed length control field 860205m19439999ii c 000 0cbeno
010 ## - LIBRARY OF CONGRESS CONTROL NUMBER
LC control number sa 65005188
040 ## - CATALOGING SOURCE
Original cataloging agency DLC
Transcribing agency DLC
Modifying agency DLC
050 00 - LIBRARY OF CONGRESS CALL NUMBER
Classification number PK1704
Item number .S35
245 00 - TITLE STATEMENT
Title Sāhitya-sādhaka-caritamālā.
260 ## - PUBLICATION, DISTRIBUTION, ETC.
Place of publication, distribution, etc. [Kalikātā] :
Name of publisher, distributor, etc. Baṅgīẏa-Sāhitya-Parishat̲,
Date of publication, distribution, etc. 1943-<1977 >
300 ## - PHYSICAL DESCRIPTION
Extent v. <1-9, 12> :
Other physical details ports. ;
Dimensions 19 cm.
500 ## - GENERAL NOTE
General note In Bengali.
500 ## - GENERAL NOTE
General note Edited by Brajendranātha Bandyopādhyāẏa and others.
650 #0 - SUBJECT ADDED ENTRY--TOPICAL TERM
Topical term or geographic name entry element Authors, Bengali
Form subdivision Biography.
700 1# - ADDED ENTRY--PERSONAL NAME
Personal name Banerjee, Brajendra Nath.
710 2# - ADDED ENTRY--CORPORATE NAME
Corporate name or jurisdiction name as entry element Baṅgīẏa-Sāhitya-Parishat̲ (Kolkata, India)

No items available.

Powered by Koha